| 000 | 00921cad a22003015a 4500 | ||
|---|---|---|---|
| 001 | L158971 | ||
| 008 | 100701s2013 xxk f 000 0 eng d | ||
| 035 | _a(Sirsi) u158971 | ||
| 041 | 0 | _aeng | |
| 100 | 1 | _aHoward, Tim | |
| 245 | 0 | 0 |
_aTales from the wood _h[electronic resource] |
| 260 |
_aLondon _bRICS _c2013 |
||
| 490 |
_aModus _vJune 2013, 30-34(5) |
||
| 520 | _aFocuses on different stages of the timber production cycle. Considers different role of timber as a fuel source and a low-impact building material. | ||
| 590 | _aKA | ||
| 650 | 2 | 4 | _aFORESTRY VALUATIONS |
| 650 | 2 | 4 | _aTIMBER CONSTRUCTION |
| 650 | 2 | 4 | _aSUSTAINABLE FORESTRY |
| 650 | 2 | 4 | _aTIMBER INDUSTRY |
| 651 | 4 | _aUnited Kingdom | |
| 690 | _aRURAL-AGRICULTURE AND FORESTRY | ||
| 690 |
_aRenewables _96265 |
||
| 690 |
_aRural _96268 |
||
| 700 | 1 | _aCorbey, Simon | |
| 700 | 1 | _aGoodall, Stuart | |
| 700 | 1 | _aMaguire, Matthew | |
| 942 | _n0 | ||
| 999 |
_c84752 _d84752 |
||